000 00783cab a2200241 4500
001 WB2705-63
008 090401t1991 xxu||||| |||| 00| 0 eng d
035 _a(Sirsi) u63950
041 _aeng
245 _aLeaflet on letting of property
260 _c1991
350 _a0
490 _aInland Revenue Press Release
_v28 January 1991 1 page
520 _aThe Inland Revenue have published a new leaflet, "IR87 - Rooms to let" aimed at those people who either let furnished rooms in their own homes or let the entire house while they live elsewhere.
650 _aCAPITAL GAINS TAX
650 _aFURNISHED ACCOMMODATION
650 _aINCOME TAX
650 _aRENTED HOUSING
650 _aRESIDENT LANDLORDS
690 _aTAXATION
942 _n0
948 _c04/03/1997
999 _c39794
_d39794